01250nam a2200205 a 450000100080000000500110000800800410001910000170006024500610007726000480013849000520018652006700023865000170090865000230092565300190094865300350096765300090100270000180101170000150102919151362012-02-10 2011 bl uuuu u0uu1 u #d1 aCONCENCO, G. aDinâmica de plantas infestantes em sistemas de cultivo. aDourados: Embrapa Agropecuária Oestec2011 a(Embrapa Agropecuária Oeste. Documentos, 114). aSistemas integrados de cultivo plantas infestantes; Estudos detalhados de ocorrência de plantas infestantes; Abundância ou densidade; Frequência; Dominância ou cobertura; Índice de Valor de Importância; Coeficiente de Similaridade de Sørensen; Banco de sementes do solo; Estudos em sistemas de cultivo e manejo do solo; Efeito do tempo de uso com pastagem na ocorrência de plantas infestantes; Coberturas de inverno e plantas infestantes em lavoura de soja; Ocorrência de plantas infestantes em sistemas de manejo do solo de 16 anos; Estudo fitossociológico em experimento de longa duração; Estudo do banco de sementes em experimento de longa duração. aErva Daninha aSistema de Cultivo aCulture system aIntegração lavoura-pecuária aWeed1 aSALTON, J. C.1 aCECCON, G.